|
|
|
|
| LEADER |
00000cac a2200000 i 4500 |
| 003 |
Ucuenca |
| 005 |
20230308180254.0 |
| 006 |
a||||fr|||| 001||| |
| 007 |
ta |
| 008 |
999102s1998 sp aaaafr|||| 001|||spa|a |
| 020 |
|
|
|a 84-8174-270-8
|
| 040 |
|
|
|b spa
|a UCuenca-cdrjbv
|c UCuenca
|e rda
|
| 041 |
1 |
|
|a spa
|h eng
|
| 082 |
0 |
|
|2 22
|a 610.736 77
|c 26094
|
| 100 |
1 |
|
|a Long, Bárbara C.
|9 86995
|e autor
|
| 245 |
1 |
0 |
|a Enfermería medicoquirúrgica:
|b un enfoque del proceso de enfermería /
|c Barbara C. Long, Wilma J. Phipps y Virginia L. Cassmeyer.
|
| 250 |
|
|
|a Tercera edición.
|
| 264 |
|
1 |
|a Madrid:
|b Harcourt Brace,
|c 1998.
|
| 300 |
|
|
|a xxvi, 789 páginas:
|b ilu
|c 27 cm
|
| 336 |
|
|
|2 rdacontent
|a texto
|b txt
|
| 337 |
|
|
|2 rdamedia
|a no mediado
|b n
|
| 338 |
|
|
|2 rdacarrier
|a volumen
|b nc
|
| 490 |
0 |
|
|a Enfernería medicoquirúrgica
|n no. 1
|
| 504 |
|
|
|a incl. ref.
|
| 650 |
1 |
7 |
|a Enfermería
|9 81560
|2 UCuenca-cdrjbv
|
| 700 |
1 |
|
|9 86648
|a Phipps, Wilma J.
|e autor
|
| 700 |
1 |
|
|a Cassmeyer, Virginia L.
|9 86996
|e autor
|
| 852 |
|
|
|a UC-SALUD
|f Compra
|l 1
|m General
|p 19991026
|q 600000,00
|r 2
|t 26094
|v med
|w Enfermería
|y 139637
|b 0
|d CDRS
|e CDRS
|g 610.736 77 ESTANTERIA ABIERTA
|z 1999-91-02
|
| 942 |
|
|
|c CR
|2 ddc
|r daniel.carrión@ucuenca.edu.ec
|
| 999 |
|
|
|c 52477
|d 52477
|